Las delicias de la religión cristiana, o el poder del evangelio para hacernos felíces (Registro nro. 303110)

Detalles MARC
000 -ENCABEZADO
Número de control [NR] 01712nam a2200241 4500
005 - FECHA Y HORA DE LA ÚLTIMA TRANSACCIÓN
control field 20160404132359.0
008 - DE LONGITUD FIJA DE DATOS DE ELEMENTOS - INFORMACIÓN GENERAL
Elementos de longitud fija [NR] 160404s1822 sp |||fr|||| 001 0 spa d
040 ## - FUENTE DE CATALOGACION [NR]
Agencia de catalogación original [NR] CO-BoUCM
Idioma de catalogación [NR] spa
Quien Cataloga Sandra Yazo
Quien Clasifica Sandra Yazo
041 0# - CODIGO DE IDIOMA [R]
Código de idioma para texto/pista de sonido o título separado [R] Español
082 04 - NUMERO DE CLASIFICACION DECIMAL DEWEY [R]
Número de la edición [NR] 20
Número de clasificación [R] 241.5
092 ## - SIGNATURA TOPOGRAFICA LOCAL
Número de clasificación local E39N003
100 1# - ASIENTO PRINCIPAL--NOMBRE PERSONAL [NR]
Nombre personal [NR] Lamourette, Antoine-Adrien
Fechas asociadas con el nombre [NR] 1742-1794
ID Autoridad 76417
245 13 - MENCION DE TITULO [NR]
Título [NR] Las delicias de la religión cristiana, o el poder del evangelio para hacernos felíces
Mención de responsabilidad, etc. [NR] traducida de la obra que escribió en frances el señor abate Lamourete
260 ## - PUBLICACION, DISTRIBUCION, ETC. (PIE DE IMPRENTA) [R]
Lugar de publicación, distribución, etc. [R] Valencia (España)
Nombre del editor, distribuidor, etc. [R] Imprenta de José Ferrer de Orga
Fecha de publicación, distribución, etc. [R] 1822
300 ## - DESCRIPCION FISICA [R]
Extensión [R] xxiv, 383 páginas
Dimensiones [R] 15 x 11 cm.
500 ## - NOTA GENERAL [R]
Nota general [NR] Detalles físicos: Encuadernación rígida en cartón forrado en cuero. Lomo con tejuelo, adornos en dorado y repujados. Guardas en papel de agua. Anteportada con sello de tinta. Portadas impresas en una sola tina. Texto impreso en una sola columna. Ejemplares en buen estado de conservación. Algunas notas al pie de página. En portada con firma. Pág. 90 rota
505 0# - NOTA DE CONTENIDO CON FORMATO PREESTABLECIDO [R]
Nota de contenido con formato preestablecido [NR] Innovación ; Engaño de la felicidad ; Solidad de la felicidad del mundo ; Solidez de la felicidad que da la virtud ; Excelencia y dulzura de la justicia cristiana ; Sencillez y facilidad de las obligaciones de la vida evangélica ; Reglas de la conducta exterior del hombre religioso ; Los deberes del hombre religioso para con sus cementantes ; El hombre religioso en la campaña ; Los últimos días del hombre religioso ; Uso de las relaciones e instrucciones ; Conclusión
506 ## - NOTA DE RESTRICCIONES DE ACCESO [R]
Condiciones de acceso [NR] Consulta en sala
650 #7 - ASIENTO SECUNDARIO DE MATERIA - TERMINO TEMATICO [R]
9 (RLIN) 38793
Término temático o nombre geográfico como elemento de entrada [NR] Teología moral
650 #7 - ASIENTO SECUNDARIO DE MATERIA - TERMINO TEMATICO [R]
9 (RLIN) 29859
Término temático o nombre geográfico como elemento de entrada [NR] Felicidad
Subdivisión general [R] Aspectos religiosos
690 ## - ASUNTO AGREGADO LOCAL DE ENTRADA - TÉRMINO TEMÁTICO (OCLC, RLIN)
Acceso temático local Teología
9 (RLIN) 25230
942 ## - ELEMENTOS DE ENTRADA AGREGADOS (KOHA)
Sistema de clasificación LOCAL
Tipo de ítem principal el descrito en 300a Libro
Edición 1
Clasificación E39N003
Existencias
Suprimido Perdido Sistema de clasificación Dañado No prestable Tipo de ítem específico Ubicación habitual Ubicación actual Localización Fecha de creación Forma de adquisición Costo Total préstamos Signatura topográfica Código de barras Última vez visto Ejemplar Price effective from Tipo de ítem
    LOCAL     Libro archivo Archivo Histórico Archivo Histórico Archivo histórico 04/04/2016 Donación 0.00   E39N003 L005466 04/04/2016 Ej.1 04/04/2016 Libro